Normal view
MARC view
- Children's television programs
Entry Topical Term
001 - CONTROL NUMBER
- control field: 24513
003 - CONTROL NUMBER IDENTIFIER
- control field: NUST
005 - DATE AND TIME OF LATEST TRANSACTION
- control field: 20191022123937.0
008 - FIXED-LENGTH DATA ELEMENTS
- fixed length control field: 191022|| aca||aabn | a|a d
040 ## - CATALOGING SOURCE
- Original cataloging agency: NUST
- Transcribing agency: NUST
150 ## - HEADING--TOPICAL TERM
- Topical term or geographic name entry element: Children's television programs
- Geographic subdivision: United States.
670 ## - SOURCE DATA FOUND
- Source citation: Work cat.: (NUST)0: Winn, Marie. 24511, The plug-in drug /, 1977.
